Monnaies d'Océanie - Statistiques

Statistiques générales
  • Ce quiz a été pris 60 fois
  • Le résultat moyen est 12 sur 16
Statistiques - réponses
Pays Monnaie % Correct
Australie Dollar australien
100%
Nouvelle-Zélande Dollar néo-zélandais
96%
Îles Cook Dollar des Îles Cook (et néo-zélandais)
93%
Îles Marshall Dollar américain
89%
Micronésie Dollar américain
89%
Palaos Dollar américain
89%
Kiribati Dollar australien
89%
Nauru Dollar australien
89%
Fidji Dollar fidjien
89%
Niue Dollar néo-zélandais
89%
Tuvalu Dollar australien
85%
Îles Salomon Dollar des Îles Salomon
85%
Vanuatu Vatu vanuatuan
59%
Samoa Tala samoan
22%
Papouasie-Nouvelle-Guinée Kina papou-néo-guinéen
19%
Tonga Pa'anga tongien
11%
Aucun quiz correspondant
Distribution des résultats
% des personnes avec chaque résultat
Percentile par nombre de réponses
Votre historique - résultats
Vous n’avez pas pris ce quiz